000 00788 a2200241 4500
005 20260316102023.0
020 _a9781844450886
050 0 0 _aBF789
_bCUR 2007
100 1 _aCurrer, Caroline.
_eauthor
245 1 0 _aLoss and social work /
_cCaroline Currer.
264 _aExeter :
_bLearning Matters,
_c2007
300 _a136 pages
_billustrations
336 _atext
_btxt
_2rdacontent
337 _aunmediated
_bn
_2rdamedia
338 _avolume
_bnc
_2rdacarrier
440 0 _aTransforming social work practice
504 _aIncludes bibliographical references and index.
650 0 _aLoss (Psychology)
650 0 _aBereavement
_xPsychological aspects.
650 0 _aFamily social work.
942 _2lcc
_cBK
_h789
_iCUR
_kBF
999 _c11714
_d11714